000 02307nam0a22004931 4500
001 RU\NLR\A1\26361
005 20251203152403.2
035 _a(NLR Aleph) 009680680
090 _a9700611
_c9700611
100 _a19990909d1763 u y0rusy50 ca
101 1 _arus
_cfre
102 _aRU
135 _acrcn 024anaba
200 1 _aЭнциклопедия, или Собрание нравоучительных мыслей и разсуждений о разных материях,
_eсочиненная по алфавиту,
_fи с францусскаго языка на российской, переведенная коллежским ассессором Иваном Приклонским
210 _a[Москва]
_cпечатана при Императорском Московском университете
_d1763
215 _a76, [8] с.
_d12°
316 _aЭкз. РНБ (137/1150). Размер: 15,4х9,8х1,0 см
_5NLR: 137/1150
321 1 _aСК XVIII 8649
325 _aКопия доступна в Электрон. б-ке РНБ
517 1 _aСобрание нравоучительных мыслей и разсуждений о разных материях
518 1 _aСобрание нравоучительных мыслей и рассуждений о разных материях
620 _dМосква
702 1 _4730
_7ca
_8rus
_aПриклонский
_bИ. В.
_f1731-1777
_gИван Васильевич
_9193105
_3RU\NLR\AUTH\770193156
712 0 2 _aМосковский университет
_bТипография
_4610
801 0 _aRU
_bNLR
_c19990909
852 _aNLR
_j18.76.4.40
852 _aNLR
_j137/1150
856 0 _uhttp://vivaldi.nlr.ru/bx000017105/view
856 1 _uhttp://vivaldi.nlr.ru/bx000017105/cover
856 2 _uhttp://vivaldi.nlr.ru/bx000017105/text
899 _aРГБ
899 _aБАН
899 _aЗНБ СГУ
899 _aВладОУНБ
899 _aГПИБ
899 _aНГОНБ
942 _cBOOK
980 _aNB
980 9 _akprsl
980 _aA1XVIIIv
981 2 0 _a(20) Книжные памятники РНБ
_b(20) Русский книжный фонд